Philadelphia Eagles starting offense - Statistics

General Stats
  • This quiz has been taken 72 times
    15 since last reset
  • The average score is 10 of 11
Answer Stats
Hint Answer % Correct
WR1 AJ Brown
100%
TE Dallas Goedert
100%
WR2 DeVonta Smith
100%
WR3 Jahan Dotson
100%
QB Jalen Hurts
100%
RB Saquon Barkley
100%
RT Lane Johnson
90%
LT Jordan Mailata
80%
LG Landon Dickerson
80%
C Cam Jurgens
70%
RG Tyler Steen
60%
No matching quizzes found
Score Distribution
Percent of People with Each Score
Percentile by Number Answered
Your Score History
You have not taken this quiz since the last reset